<?xml version="1.0" encoding="UTF-8"?><marc:collection xmlns:marc="http://www.loc.gov/MARC21/slim">
  <marc:record>
    <marc:leader>00000nam  2200000za 4500</marc:leader>
    <marc:controlfield tag="001">9.822452</marc:controlfield>
    <marc:controlfield tag="003">CaOODSP</marc:controlfield>
    <marc:controlfield tag="005">20221107143700</marc:controlfield>
    <marc:controlfield tag="007">cr |||||||||||</marc:controlfield>
    <marc:controlfield tag="008">160811s2008    quc     o    f000 0 fre d</marc:controlfield>
    <marc:datafield tag="040" ind1=" " ind2=" ">
      <marc:subfield code="a">CaOODSP</marc:subfield>
      <marc:subfield code="b">fre</marc:subfield>
    </marc:datafield>
    <marc:datafield tag="043" ind1=" " ind2=" ">
      <marc:subfield code="a">n-cn---</marc:subfield>
    </marc:datafield>
    <marc:datafield tag="086" ind1="1" ind2=" ">
      <marc:subfield code="a">CH6-44/2008F-PDF</marc:subfield>
    </marc:datafield>
    <marc:datafield tag="110" ind1="1" ind2=" ">
      <marc:subfield code="a">Canada. </marc:subfield>
      <marc:subfield code="b">Patrimoine canadien.</marc:subfield>
    </marc:datafield>
    <marc:datafield tag="245" ind1="1" ind2="0">
      <marc:subfield code="a">Vérification et évaluation formative conjointes du Secrétariat fédéral des Jeux olympiques et paralympiques d'hiver de 2010 </marc:subfield>
      <marc:subfield code="h">[ressource électronique] / </marc:subfield>
      <marc:subfield code="c">Bureau du dirigeant principal de la vérification et de l’évaluation.</marc:subfield>
    </marc:datafield>
    <marc:datafield tag="260" ind1=" " ind2=" ">
      <marc:subfield code="a">[Gatineau, Québec] : </marc:subfield>
      <marc:subfield code="b">Patrimoine canadien, </marc:subfield>
      <marc:subfield code="c">2008.</marc:subfield>
    </marc:datafield>
    <marc:datafield tag="300" ind1=" " ind2=" ">
      <marc:subfield code="a">xii, 82 p. : </marc:subfield>
      <marc:subfield code="b">tableaux, photos, figs.</marc:subfield>
    </marc:datafield>
    <marc:datafield tag="500" ind1=" " ind2=" ">
      <marc:subfield code="a">Publié aussi en anglais sous le titre : Joint Audit and Formative Evaluation of the 2010 Olympic and Paralympic Winter Games Federal Secretariat.</marc:subfield>
    </marc:datafield>
    <marc:datafield tag="500" ind1=" " ind2=" ">
      <marc:subfield code="a">« Octobre 2008. »</marc:subfield>
    </marc:datafield>
    <marc:datafield tag="520" ind1=" " ind2=" ">
      <marc:subfield code="a">En 2010, le Canada sera l’hôte des Jeux olympiques et paralympiques d’hiver (les Jeux) qui seront tenus à Vancouver et à Whistler, en Colombie-Britannique. Comme le gouvernement fédéral est l’un des principaux partenaires de l’accueil de ces Jeux, un Secrétariat fédéral a été créé en juillet 2001 à l’étape de la candidature. Quand le Canada a été sélectionné comme hôte des Jeux, le 2 juillet 2003, le Secrétariat fédéral des Jeux olympiques et paralympiques d’hiver de 2010 (le SF) a été mis sur pied au ministère du Patrimoine canadien (PCH). ...</marc:subfield>
    </marc:datafield>
    <marc:datafield tag="692" ind1="0" ind2="7">
      <marc:subfield code="2">gccst</marc:subfield>
      <marc:subfield code="a">Vérification</marc:subfield>
    </marc:datafield>
    <marc:datafield tag="692" ind1="0" ind2="7">
      <marc:subfield code="2">gccst</marc:subfield>
      <marc:subfield code="a">Jeux olympiques</marc:subfield>
    </marc:datafield>
    <marc:datafield tag="775" ind1="0" ind2="8">
      <marc:subfield code="t">Joint audit and formative evaluation of the 2010 Olympic and Paralympic Winter Games Federal Secretariat </marc:subfield>
      <marc:subfield code="w">(CaOODSP)9.822068</marc:subfield>
    </marc:datafield>
    <marc:datafield tag="856" ind1="4" ind2="0">
      <marc:subfield code="q">PDF</marc:subfield>
      <marc:subfield code="s">748 Ko</marc:subfield>
      <marc:subfield code="u">https://publications.gc.ca/collections/collection_2016/pch/CH6-44-2008-fra.pdf</marc:subfield>
    </marc:datafield>
  </marc:record>
</marc:collection>
